|
|
|
|
| LEADER |
00936pam a22002418a 4500 |
| 001 |
00021806 |
| 005 |
20171026081022.0 |
| 008 |
110526s1997 ||||||Viesd |
| 041 |
0 |
# |
|a Vie
|
| 082 |
1 |
4 |
|a 571.207 8
|b GI108TR
|
| 100 |
0 |
# |
|a Võ Thị Mai Hương
|
| 245 |
0 |
0 |
|a Giáo trình thực tập nhỏ sinh lý thực vật
|c Võ Thị Mai Hương
|
| 260 |
# |
# |
|a Huế
|b ĐH Khoa học Huế
|c 1997
|
| 300 |
# |
# |
|a 58 tr.
|c 29 cm.
|
| 490 |
# |
# |
|a Tủ sách đại học khoa học Huế
|
| 650 |
# |
4 |
|a Thực vật
|
| 653 |
# |
# |
|a Thực tập nhỏ
|
| 852 |
# |
# |
|b Kho giáo trình
|j KGT.0009882, KGT.0009883, KGT.0009884, KGT.0009885
|
| 852 |
# |
# |
|b Kho mượn
|j KGT.0009882
|
| 852 |
# |
# |
|b Kho đọc
|j KD.0007807
|
| 852 |
# |
# |
|j KD.0007807
|j KGT.0009882
|j KGT.0009884
|j KGT.0009885
|j KGT.0009883
|
| 910 |
0 |
# |
|a nhnam
|d 26/05/2011
|
| 980 |
# |
# |
|a Trung tâm Học liệu Lê Vũ Hùng, Trường Đại học Đồng Tháp
|